| 000 | 01014nam a2200265 a 4500 | ||
|---|---|---|---|
| 001 | 000021526 | ||
| 005 | 20240517193337.0 | ||
| 008 | 100908s1973 sp ab r 001 0 spa d | ||
| 020 | _a8420003107 | ||
| 040 |
_aDO-SdBNP _bspa _cBNPHU |
||
| 041 | 1 | 7 |
_aspa _heng _2Código de idioma MARC |
| 082 |
_a636.08 _bC689p, 1973 |
||
| 100 | 1 |
_aCole, H. H., _944871 |
|
| 240 | 1 | 0 |
_aIntroduction to livestock production, including dairy and poultry. _lEspañol. |
| 245 | 1 | 0 |
_aProducción animal / _cH. H. Cole ; traducido del inglés por el Dr. Jaime Esaín Escobar. |
| 250 | _a2a ed. | ||
| 260 |
_aZaragoza, España : _bAcribia, _c1973. |
||
| 300 |
_a898 p. : _bil., mapas ; _c24 cm. |
||
| 534 |
_pTítulo original en inglés: _tIntroduction to livestock production, including dairy and poultry. _cSan Francisco, California : W. H. Freeman and Company. |
||
| 500 | _aIncluye índice | ||
| 650 | 4 |
_aProducción animal _91550 |
|
| 650 | 0 |
_aGanedería _92464 |
|
| 700 | 1 |
_aEsaín Escobar, Jaime, _etr. _944872 |
|
| 049 | _aBNGR | ||
| 999 |
_c21026 _d21026 |
||